00000000nam##2200000za#4500
0019.530649
003CaOODSP
00520210615083045
007ta
008150406|1998||||xxc|||||     f|0| 0 fre|d
020 |a0-660-60540-6
040 |aCaOODSP|bfre
041 |aeng
041 |afre
043 |an-cn---
0861 |aM86-9/1998
1101 |aCanada.|bRessources naturelles Canada. |bComité permanent canadien des noms géographiques.
24510|aSaskatchewan
250 |aQuatrième édition.
260 |aOttawa - Ontario : |bRessources naturelles Canada. |c1998.
300 |a93p. ; |c28 cm. + |e1 carte pliée.
4901 |aRépertoire géographique du Canada
5203 |aPas besoin d'être géographe pour apprécier la quantité d'information contenue dans les Répertoires géographiques du Canada. Si vous cherchez les traversiers, la route transcanadienne ou les parcs nationaux du Canada, cette série de cartes provinciales vous aidera à vous y retrouver, de la Colombie-Britannique à l'Île du Prince-Édouard. Paru d'abord en 1952, le Répertoire contient tous les noms des lieux habités, des lacs, des rivières, des montagnes, des parcs provinciaux et des réserves amérindiennes de chaque province. Même les villes, villages et hameaux méconnus sont faciles à repérer à partir des coordonnées géographiques de la carte provinciale jointe.
546 |aBilingue
563 |aCouverture souple
590 |a98-39|b1998-09-25
69107|aToponymie|2gcpds
7760#|tGazetteer of Canada. |w(CaOODSP)9.590227
791 |tSaskatchewan |eeng|w(CaOODSP)9.530648
830#0|aRépertoire géographique du Canada.|w(CaOODSP)9.509507